000 00717nam a2200253Ia 4500
003 OSt
005 20220926012223.0
006 a|||||r|||| 00| 0
007 ta
008 220923b |||||||| |||| 00| 0 eng d
037 _cGeneral Book
040 _aRTL
_cRTL
_beng
041 _2eng
_aeng
082 _aQ.2.N7, L1
100 _aBerry Thomas
_9315842
245 0 _aReligions of India
_b Hindusm, Yoga, Buddhism
260 _aNew York
_bBruce Publishing USA
_c1971
300 _a226p.
_ccm.
490 _aContemporary theology series
500 _aBib p. 203-6; Glossary p. 207-17
650 _aReligion
942 _hQ.2.N7, L1
_cGB
_2CC
999 _c622115
_d622115